000 00511nam a2200169Ia 4500
008 100122s9999 xx 000 0 und d
082 _b15354
_a501
100 _aगोखले वि वि
245 _aउद्याचे जग
260 _bजगताप-कारले प्रकाशन
_c1967
300 _a148
520 _aदुर्मिळ
620 _aदुर्मिळ
630 _aउद्याचे जग
730 _aउद्याचे जग
942 _cBOOK
999 _c405649
_d405646